Elements of mechanics of materials (Record no. 6596)

000 -LEADER
fixed length control field 00580nam a22002051 4500
001 - CONTROL NUMBER
control field 6129579
003 - CONTROL NUMBER IDENTIFIER
control field BD-DhUET
008 - FIXED-LENGTH DATA ELEMENTS--GENERAL INFORMATION
fixed length control field 730221s1966 njua b 000 0 eng
040 ## - CATALOGING SOURCE
Original cataloging agency DLC
Transcribing agency ODaWU
Modifying agency OCoLC
-- Uk
-- BD-DhUET
050 00 - LIBRARY OF CONGRESS CALL NUMBER
Classification number TA405
Item number .O37 1966
082 ## - DEWEY DECIMAL CLASSIFICATION NUMBER
Classification number 620.11
Item number OLS/1966
100 1# - MAIN ENTRY--PERSONAL NAME
Personal name Olsen, Gerner A.
245 10 - TITLE STATEMENT
Title Elements of mechanics of materials
Statement of responsibility, etc. by Gerner A. Olsen
250 ## - EDITION STATEMENT
Edition statement 2d ed.
260 ## - PUBLICATION, DISTRIBUTION, ETC. (IMPRINT)
Place of publication, distribution, etc. New Jersey
Name of publisher, distributor, etc. Prentice-Hall
Date of publication, distribution, etc. 1966
300 ## - PHYSICAL DESCRIPTION
Extent xxii, 591 p.
Other physical details illus.
Dimensions 24 cm.
504 ## - BIBLIOGRAPHY, ETC. NOTE
Bibliography, etc includes bibliographics
650 #0 - SUBJECT ADDED ENTRY--TOPICAL TERM
Topical term or geographic name as entry element Strength of materials
942 ## - ADDED ENTRY ELEMENTS (KOHA)
Koha item type General Book
Holdings
Koha normalized classification for sorting Koha date last borrowed Shelving location Damaged status Not for loan Withdrawn status Koha issues (times borrowed) Koha full call number Sublocation or collection (holding branch) Date acquired Koha item type Location (home branch) Copy number Lost status Koha date last seen Piece designation (barcode) Price effective from Source of classification or shelving scheme
620_110000000000000_OLS_1966 Circulation section    620.11 /OLS/1966Central Library, BUET2014-12-04Contented Book Central Library, BUET28 2014-12-04292212014-12-04 
620_110000000000000_OLS_19662018-11-20Circulation section   1620.11 /OLS/1966Central Library, BUET2014-12-04Contented Book Central Library, BUET23 2018-12-04292162014-12-04 
620_110000000000000_OLS_19662022-08-29Circulation section   1620.11/OLS/1966Central Library, BUET2014-12-04Contented Book Central Library, BUET13 2022-10-01292062014-12-04 
620_110000000000000_OLS_1966 Circulation section    620.11/OLS/1966Central Library, BUET2014-12-04Contented Book Central Library, BUET4 2014-12-04198462014-12-04 
620_110000000000000_OLS_19662022-06-20Circulation section   1620.11/OLS/1966Central Library, BUET2014-12-04Contented Book Central Library, BUET1 2022-07-23524062014-12-04 
620_110000000000000_OLS_1966 Reading section    620.11/OLS/1966Central Library, BUET2015-06-16Reading ItemCentral Library, BUET6 2015-06-16139172015-06-16 
620_110000000000000_OLS_1966 Reading section    620.11/OLS/1966Central Library, BUET2015-06-29Reading ItemCentral Library, BUET8 2015-06-29292272015-06-29